Performance analysis of CR-NOMA enabled Backscatter communications using Deep Reinforcement Learning/ (Record no. 607413)
[ view plain ]
| 000 -LEADER | |
|---|---|
| fixed length control field | 00585nam a22001577a 4500 |
| 003 - CONTROL NUMBER IDENTIFIER | |
| control field | NUST |
| 082 ## - DEWEY DECIMAL CLASSIFICATION NUMBER | |
| Classification number | 200 |
| 100 ## - MAIN ENTRY--PERSONAL NAME | |
| Personal name | Zeeshan Hafiz Muhammad Ali |
| 245 ## - TITLE STATEMENT | |
| Title | Performance analysis of CR-NOMA enabled Backscatter communications using Deep Reinforcement Learning/ |
| Statement of responsibility, etc. | Hafiz Muhammad Ali Zeeshan |
| Medium | English |
| 264 ## - PRODUCTION, PUBLICATION, DISTRIBUTION, MANUFACTURE, AND COPYRIGHT NOTICE | |
| Place of production, publication, distribution, manufacture | Islamabad |
| Name of producer, publisher, distributor, manufacturer | SEECS NUST; |
| Date of production, publication, distribution, manufacture, or copyright notice | 2023 |
| 300 ## - PHYSICAL DESCRIPTION | |
| Extent | ill: |
| Other physical details | Hard Cover, |
| Dimensions | 30,cm |
| 690 ## - LOCAL SUBJECT ADDED ENTRY--TOPICAL TERM (OCLC, RLIN) | |
| Geographic subdivision | MS-Electrical Engineering |
| 700 ## - ADDED ENTRY--PERSONAL NAME | |
| Personal name | Supervisor: Dr. Syed Ali Hassan |
| 856 ## - ELECTRONIC LOCATION AND ACCESS | |
| Uniform Resource Identifier | <a href=" http://10.250.8.41:8080/xmlui/handle/123456789/38032"> http://10.250.8.41:8080/xmlui/handle/123456789/38032</a> |
| 942 ## - ADDED ENTRY ELEMENTS (KOHA) | |
| Source of classification or shelving scheme | |
| Koha item type | Soft Copy |
| Withdrawn status | Permanent Location | Current Location | Shelving location | Date acquired | Full call number | Barcode | Koha item type |
|---|---|---|---|---|---|---|---|
| Central Library (CL) | Central Library (CL) | Thesis | 01/17/2024 | 200 | CL-T-6888 | Soft Copy |
